| 000 | 00522nam a2200193Ia 4500 | ||
|---|---|---|---|
| 005 | 20230405101251.0 | ||
| 008 | 131103s9999 xx 000 0 und d | ||
| 020 |
_a019281475 3 _cGBP 3.50 |
||
| 040 | _aLoreto College | ||
| 041 | _aEnglish | ||
| 082 |
_a823.08 _bSHO |
||
| 245 |
_aShort stories from the second world war _cchosen by Dan Davin |
||
| 260 |
_aOxford _bOxford University Press _c1984 |
||
| 300 | _axiv,239 p. | ||
| 440 | _aOxford Paperbacks | ||
| 700 | _aDavin,Dan,ed. | ||
| 850 | _aLCLIB | ||
| 942 | _cBK | ||
| 999 |
_c4645 _d55124 |
||